La pena de privacin̤ del derecho a conducir vehc̕ulos a motor y ciclomotores en el sistema penal espaǫl

Detalles Bibliográficos
Autor principal: Lanaspa Mainz, David
Formato: eBook
Lenguaje:español
Publicado: Barcelona: J.M. Bosch Editor, 2021
Materias:
Acceso en línea:Acceso restringido

MARC

LEADER 00000nam a22000007a 4500
005 20220516231737.0
007 cr|||| ||||
008 220516s2021 es |||||s|||| 00||0 spa d
020 |a 978-84-123809-3-4 
035 |a 35644 
040 |a vLex 
090 |c 13348  |d 13348 
100 1 |a Lanaspa Mainz, David 
245 1 2 |a La pena de privacin̤ del derecho a conducir vehc̕ulos a motor y ciclomotores en el sistema penal espaǫl  |h [Recurso electrn̤ico] /  |c David Lanaspa Mainz 
256 |a Servicio en ln̕ea 
260 |a Barcelona:  |b J.M. Bosch Editor,  |c 2021 
300 |a 1 recurso electrn̤ico 
500 |a La obra analiza una pena privativa de derechos como es la privacin̤ del derecho a conducir vehc̕ulos a motor y ciclomotores: una pena con una presencia importante en la praxis judicial dado que representa aproximadamente el 8% del total de penas impuestas en Espaą. La privacin̤ del derecho a conducir vehc̕ulos a motor y ciclomotores tiene especial incidencia en los delitos relacionados con el trf̀ico viario, m̀bito en expansin̤ desde la entrada en vigor de la LO 15/2007 de 30 de noviembre de reforma del Cd̤igo Penal. Se realiza en primer lugar, un anl̀isis integral de la regulacin̤ actual de la pena en el sistema penal espaǫl. En segundo lugar, se estudia su aplicacin̤ en la prc̀tica de los Juzgados y Tribunales.Y finalmente se analizan los df̌icits que presenta tanto en la regulacin̤, aplicacin̤ y ejecucin̤ de la misma. Para la elaboracin̤ de esta investigacin̤ se ha analizado la doctrina relativa al sistema de penas, en concreto las penas privativas de derechos, as ̕como la relativa a los delitos contra la seguridad vial. Igualmente, se ha realizado un exhaustivo anl̀isis jurisprudencial de los supuestos en los que se ha impuesto la privacin̤ del derecho a conducir, bien como pena, medida de seguridad o medida cautelar, detallǹdose las principales resoluciones en un amplio anexo jurisprudencial que alcanza los l︢timos treinta aǫs. Todo ello hace de esta monografa̕ una herramienta t︢il para los profesionales vinculados al estudio y aplicacin̤ de los delitos relacionados con la seguridad vial (Jueces y Magistrados, Fiscales, Letrados de la Administracin̤ de Justicia, Abogados, Polica̕s, Profesores Universitarios, Estudiantes, etc.), al contener un estudio minucioso de todos los aspectos prc̀ticos relacionados con la pena de privacin̤ del derecho a conducir vehc̕ulos a motor y ciclomotores. 
506 1 |a Disponible solo en los productos indicados  |d vLex Global  |d vLex Global (Academic Edition, excluding Law Schools)  |d vLex Global (U.S. Academic Edition, Law Schools)  |d vLex Global (U.S. Academic Edition, excluding Law Schools)  |d vLex Global (Academic Edition, Law Schools) 
650 0 4 |a Derecho Penal  |z Espaą 
650 0 4 |a Procedimiento Penal  |z Espaą 
740 0 |a vLex Libros (Servicio en ln̕ea) 
856 4 0 |u https://app.vlex.com/#/sources/35644  |z Acceso restringido 
942 |c BOOK 
999 0 |a Criminal Law 
999 0 |a Criminal Procedure